| 000 | 00564nam a22001817a 4500 | ||
|---|---|---|---|
| 999 |
_c194162 _d194162 |
||
| 005 | 20221209101736.0 | ||
| 010 | _aENG-135771 | ||
| 020 |
_a978-93-85288-92-0 _c799.00 |
||
| 035 | _aEN-119303 | ||
| 037 | _bDBAD/PUB | ||
| 082 | _a915.49604 | ||
| 245 |
_aHimalaya/ _cedited by Ruskin Bond and Namita Gokhale |
||
| 260 |
_aNew Delhi _bSpeaking Tiger Publishing pvt.ltd. _c2016 |
||
| 270 |
_a4381/4, Ansari Road, Daryaganj _bNew Delhi _e110002 |
||
| 300 |
_axviii,444p. _c22cm(hbk) |
||
| 700 | _a Ruskin Bond | ||
| 942 |
_2ddc _cEN _mHIM _h915.49604 |
||